Authors by Words from Book Titles Quiz Stats

 Plays Quiz Updated Jun 10, 2019

Score 0/40 Timer 05:00
1 Play Today
Words from Book Titles Author % Correct
Chamber, Azkaban, GobletJ.K. Rowling
91.6%
Fellowship, Towers, ReturnJ.R.R. Tolkien
85.8%
Peach, Chocolate, WitchesRoald Dahl
82.4%
Sensibility, Prejudice, MansfieldJane Austen
79.9%
Peace, Karenina, IvanLeo Tolstoy
76.6%
Screwtape, Wardrobe, CaspianC.S. Lewis
73.9%
Scarlet, Four, BaskervillesArthur Conan Doyle
71.9%
Sun, Farewell, BellErnest Hemingway
70.5%
Wocket, Ham, CatDr. Seuss
70.4%
Curiosity, Dorrit, ChuzzlewitCharles Dickens
67.1%
Spy, Diamonds, RoyaleIan Fleming
66.8%
Cannery, Eden, WrathJohn Steinbeck
65.7%
Wild, Fang, Sea-WolfJack London
62.7%
Claiborne, Needful, SemataryStephen King
62.6%
Galaxy, Universe, FishDouglas Adams
62%
Fahrenheit, Dandelion, WickedRay Bradbury
60.7%
Tess, Jude, MaddingThomas Hardy
58.6%
Pauper, Tom, Pudd'nheadMark Twain
58%
Moreau, Invisible, TimeH.G. Wells
57.5%
Pelican, Runaway, JurorJohn Grisham
57.2%
Words from Book Titles Author % Correct
Dalloway, Lighthouse, Jacob'sVirginia Woolf
54.1%
Andromeda, Jurassic, EatersMichael Crichton
53.9%
Fury, Dying, Absalom!William Faulkner
52.7%
Styles, Ackroyd, OrientAgatha Christie
52.3%
Interview, Lestat, QueenAnne Rice
50.5%
Narcissus, Darkness, JimJoseph Conrad
47.2%
Tender, Tycoon, ParadiseF. Scott Fitzgerald
39.9%
Budd, Typee, OmooHerman Melville
36.7%
Psmith, Jeeves, HoP.G. Wodehouse
34.2%
Cuckoo's, Notion, SailorKen Kesey
33.8%
Rabbit, Bech, EastwickJohn Updike
33.5%
Cider, Hampshire, AccordingJohn Irving
31.4%
Joy, Kitchen, Bonesetter'sAmy Tan
31.3%
Columbus, Portnoy's, ZuckermanPhilip Roth
30.4%
Fudge, Iggie's, MargaretJudy Blume
29.7%
Cat's, Deadeye, BluebeardKurt Vonnegut
28.1%
Harvest, Maltese, ThinDashiell Hammett
27.6%
Austere, Miserable, GrimLemony Snicket
20.8%
Wonder, Kavalier, YiddishMichael Chabon
14.3%
Homesick, Accidental, BreathingAnne Tyler
12.9%

You're not logged in!

Compare scores with friends on all Sporcle quizzes.
OR
Log In

Show Comments

Extras

Top Quizzes Today


Score Distribution

Your Account Isn't Verified!

In order to create a playlist on Sporcle, you need to verify the email address you used during registration. Go to your Sporcle Settings to finish the process.

Report this User

Report this user for behavior that violates our Community Guidelines.

Details: